000 00750cab a2200253 4500
001 WB2249-41
008 090401t1986 xxu||||| |||| 00| 0 eng d
035 _a(Sirsi) u50738
041 _aeng
245 _aRetail and leisure park plan
260 _c1986
350 _a0
490 _aChartered Surveyor Weekly
_vvol 17 no 11 11/12/86 p1060
520 _aPlans for a retail and leisure park in South Bedfordshire have been announced at an estimated cost of 175 million.
650 _aBLUE CIRCLE PROPERTY HOLDINGS
650 _aBRENT CROSS
650 _aBROOKMOUNT ESTATES
650 _aDUNSTABLE
650 _aMILTON KEYNES
650 _aSUNDON SPRINGS
690 _aPLANNING LAW AND PRACTICE
942 _n0
948 _c04/03/1997
999 _c31665
_d31665